LEADER 01025nas 2200397 c 450 001 9910894618203321 005 20260218112121.0 035 $a(CKB)3790000000118083 035 $a(DE-599)ZDB2485767-1 035 $a(OCoLC)643933738 035 $a(DE-101)993251749 035 $a(DE-599)2485767-1 035 $a(EXLCZ)993790000000118083 100 $a20090318b18171818 |y | 101 0 $ager 135 $aur||||||||||| 181 $ctxt$2rdacontent 182 $cc$2rdamedia 183 $acr$2rdacarrier 200 00$aNeuer rheinischer Merkur$fhrsg. v. Verein der Go?rresfreunde 210 31$aOffenbach$cBrede$d1817-1818 215 $aOnline-Ressource 300 $aGesehen am 03.07.2009 (th) 517 1 $aMercur 608 $aZeitung$2gnd-content 676 $a914.3 676 $a943 676 $a070 676 $a360 801 0$b8999 801 1$bDE-101 801 2$b9999 906 $aJOURNAL 912 $a9910894618203321 996 $aNeuer rheinischer Merkur$94242720 997 $aUNINA